[Event "TCh-NOR Clubs 2012"]
[Site "Fagernes NOR"]
[Date "2012.06.10"]
[Round "6"]
[White "Mihajlov,S"]
[Black "Ekeberg,C"]
[Result "1/2-1/2"]
[WhiteElo "2092"]
[BlackElo "2267"]

1.d4 Nf6 2.c4 g6 3.Nc3 d5 4.cxd5 Nxd5 5.e4 Nxc3 6.bxc3 Bg7 7.Bc4 c5 8.Ne2 O-O
9.O-O Nc6 10.Be3 b6 11.Qd2 Bb7 12.Rfd1 cxd4 13.cxd4 Rc8 14.Rac1 Na5 15.Bd3 Qd7
16.Qb4 e6 17.Bb5 Rxc1 18.Rxc1 Qd8 19.f3 Qa8 20.Bf4 Nc6 21.Qa4 Nxd4 22.Nxd4 e5
23.Ne6 fxe6 24.Bg5 h6 25.Be3 Rc8 26.Rxc8+ Bxc8 27.Bxb6 a6 28.Bc4 Kf7 29.Qb3 Qc6  1/2-1/2

[Event "1st Grand Europe Open"]
[Site "Golden Sands BUL"]
[Date "2012.06.10"]
[Round "7.2"]
[White "Li Shilong"]
[Black "L'Ami,E"]
[Result "1-0"]
[WhiteElo "2553"]
[BlackElo "2605"]

1.d4 Nf6 2.c4 g6 3.Nc3 d5 4.cxd5 Nxd5 5.e4 Nxc3 6.bxc3 Bg7 7.Be3 c5 8.Rc1 Qa5
9.Qd2 cxd4 10.cxd4 Qxd2+ 11.Bxd2 O-O 12.Nf3 e6 13.h4 Nc6 14.e5 Rd8 15.Bg5 Re8
16.Be3 h6 17.Bd3 Bd7 18.Rb1 b6 19.Ke2 Ne7 20.Nd2 Nd5 21.Ne4 Rec8 22.Bd2 Ba4
23.Rbc1 Bf8 24.g4 Rxc1 25.Rxc1 Rd8 26.f4 Ba3 27.Rb1 Ne7 28.Nf6+ Kg7 29.Bb4 Bxb4
30.Rxb4 Bc6 31.Rc4 b5 32.Rc5 a6 33.Ke3 Nd5+ 34.Nxd5 Bxd5 35.a3 Bb3 36.f5 gxf5
37.gxf5 exf5 38.Bxf5 Bd5 39.Rc7 Rb8 40.e6 Rf8 41.Rd7 Bc6 42.Rc7 Bd5 43.Rd7 Bc6
44.Rd6 fxe6 45.Bxe6 Bg2 46.Rxa6 Rf3+ 47.Ke2 Rf4 48.d5 Rxh4 49.Kf2 Bh3 50.Kg3 Bxe6
51.Kxh4 Bxd5 52.Kg3 Bc4 53.Kf4 Bb3 54.Rc6 h5 55.Rc5 Bc4 56.a4  1-0

[Event "16th Voronezh Master Open"]
[Site "Voronezh RUS"]
[Date "2012.06.13"]
[Round "2.41"]
[White "Baraeva,M"]
[Black "Papayan,O"]
[Result "1/2-1/2"]
[WhiteElo "2165"]
[BlackElo "2294"]

1.d4 Nf6 2.c4 g6 3.Nc3 d5 4.cxd5 Nxd5 5.e4 Nxc3 6.bxc3 Bg7 7.Bc4 c5 8.Ne2 Nc6
9.Be3 O-O 10.O-O Qc7 11.Rc1 Rd8 12.Qc2 Na5 13.Bb3 cxd4 14.cxd4 Qxc2 15.Rxc2 Nxb3
16.axb3 Bd7 17.Rd1 a5 18.Nc3 Rac8 19.Rdc1 e6 20.f3 b5 21.e5 b4 22.Ne4 Rxc2
23.Rxc2 Rc8 24.Rxc8+ Bxc8 25.Nc5 Bf8 26.Kf2 Bxc5 27.dxc5 Bb7 28.Ke2 Bd5 29.Kd3 Kf8
30.c6 Bxc6 31.Bb6 a4 32.bxa4 Bxa4 33.Bc5+ Kg7 34.Bxb4  1/2-1/2

[Event "16th Voronezh Master Open"]
[Site "Voronezh RUS"]
[Date "2012.06.13"]
[Round "2.16"]
[White "Kornev,Alexei"]
[Black "Vastrukhin,O"]
[Result "1-0"]
[WhiteElo "2542"]
[BlackElo "2353"]

1.d4 Nf6 2.c4 g6 3.Nc3 d5 4.cxd5 Nxd5 5.e4 Nxc3 6.bxc3 Bg7 7.Nf3 O-O 8.Be2 c5
9.O-O cxd4 10.cxd4 b6 11.Bg5 Bb7 12.Qd3 Ba6 13.Qe3 Bxe2 14.Qxe2 Nc6 15.Rad1 Qd7
16.d5 Na5 17.e5 e6 18.d6 Rac8 19.Rc1 h6 20.Bh4 Rxc1 21.Rxc1 Rc8 22.Rd1 Nc4
23.Bg3 b5 24.h4 Nb6 25.h5 g5 26.Nd4 Rc4 27.Qf3 a5 28.Nb3 a4 29.Nd2 Rc8 30.Ne4 Nd5
31.a3 Rc4 32.Qd3 Qc6 33.f3 Kf8 34.Kh2 Ke8 35.Nf2 b4 36.axb4 Rxb4 37.Qh7 Bf8
38.Ne4 a3 39.Rxd5  1-0

[Event "Teplice Open 2012"]
[Site "Teplice CZE"]
[Date "2012.06.16"]
[Round "1.32"]
[White "Jedlicka,A"]
[Black "Kaluzny,Jiri"]
[Result "1-0"]
[WhiteElo "2215"]
[BlackElo "1834"]

1.d4 Nf6 2.c4 g6 3.Nc3 d5 4.cxd5 Nxd5 5.e4 Nxc3 6.bxc3 Bg7 7.Be3 O-O 8.Nf3 c5
9.Qd2 Qa5 10.Rc1 cxd4 11.cxd4 Qxd2+ 12.Nxd2 Rd8 13.Nb3 Nc6 14.d5 Ne5 15.Be2 e6
16.f4 Nd7 17.dxe6 fxe6 18.O-O Nf6 19.Bf3 b6 20.Nd4 Bd7 21.e5 Nd5 22.Bxd5 exd5
23.Rc7 Rac8 24.Rfc1 Rxc7 25.Rxc7 g5 26.g3 gxf4 27.gxf4 a6 28.Kf2 Bf8 29.e6 Bd6
30.Rxd7 Rxd7 31.exd7  1-0

[Event "5th Karen Asrian Memorial"]
[Site "Jermuk ARM"]
[Date "2012.06.17"]
[Round "2.1"]
[White "Hayrapetian,O"]
[Black "Melkumyan,H"]
[Result "1/2-1/2"]
[WhiteElo "2449"]
[BlackElo "2642"]

1.d4 Nf6 2.c4 g6 3.Nc3 d5 4.cxd5 Nxd5 5.e4 Nxc3 6.bxc3 Bg7 7.Nf3 c5 8.Rb1 O-O
9.Be2 b6 10.O-O Bb7 11.Bd3 e6 12.dxc5 Nd7 13.Be3 Qc7 14.cxb6 axb6 15.Qb3 Qxc3
16.Qxc3 Bxc3 17.Rfc1 Rfc8 18.Bxb6 Rxa2 19.Be3 Ba6 20.Bxa6 Rxa6 21.Rb7 Nf6
22.Ng5 Ra1 23.Rxa1 Bxa1 24.f3 Rc3 25.Kf2 Rc2+ 26.Kf1 Be5 27.Nxf7 Rc7 28.Rxc7 Bxc7
29.Nh6+ Kg7 30.g3 Nd7 31.Ke2 Bd6 32.Bd2 Bc7 33.Ng4 h5 34.Bc3+ Kf7 35.Nh6+ Kf8
36.f4 Bd8 37.Kf3 Nf6 38.h3 Ng8 39.Nxg8 Kxg8 40.Be1 Kf7 41.Ke3 Bb6+ 42.Kd3 Ke8
43.Ke2 Bc7 44.Kf3 Kf7 45.Bf2 Ba5 46.Ke2 Ke8 47.Kd3 Kd7 48.Kc4 Kc6 49.h4 Kd7
50.Kb5 Bd2 51.Kc4 Ba5 52.Kc5 Bc3  1/2-1/2

[Event "ch-FIN 2012"]
[Site "Helsinki FIN"]
[Date "2012.06.19"]
[Round "9"]
[White "Norri,J"]
[Black "Agopov,M"]
[Result "1/2-1/2"]
[WhiteElo "2334"]
[BlackElo "2452"]

1.d4 Nf6 2.c4 g6 3.Nc3 d5 4.cxd5 Nxd5 5.e4 Nxc3 6.bxc3 Bg7 7.Bc4 c5 8.Ne2 O-O
9.Be3 Nc6 10.Rc1 cxd4 11.cxd4 Qa5+ 12.Kf1 Qa3 13.Rc3 Qd6 14.Bd5 Bd7 15.f3 Nb4
16.Bb3 Rac8 17.Qd2 Bb5 18.Rxc8 Rxc8 19.e5 Bxe5 20.dxe5 Qxe5 21.Qxb4 Rc1+
22.Kf2 Rxh1 23.f4 a5 24.fxe5 axb4 25.Nd4 Rf1+ 26.Kg3 Bd3 27.Nf3 b5 28.Bc5 Kf8
29.Bxb4 Ke8 30.Bd5 Bc4 31.Bc6+ Kd8 32.Ba5+ Kc8 33.a3 f6 34.exf6 exf6 35.Nd2 Ra1
36.Bb4 Kc7 37.Ba8 Bd3 38.Kf2 Bf5 39.Ke3 Bd7 40.Ne4 Rf1 41.Bc3 f5 42.Nf6 Bc6
43.Bxc6 Kxc6 44.Nxh7 Kd5 45.Ng5 Rg1 46.g3 Rg2 47.Nf3 Kc4 48.Bb4 g5 49.h4 f4+
50.gxf4 g4 51.Nd2+ Kd5 52.Ne4 Ke6 53.Nc3 Kf5 54.Nxb5 Rg3+ 55.Kf2 Rf3+ 56.Kg2 Kxf4
57.Bd6+ Ke4 58.a4 Rb3 59.Bf8 Kf4 60.Bh6+ Ke5 61.Bg7+ Kf4 62.h5 Rg3+ 63.Kf2 Rf3+
64.Ke2 Re3+ 65.Kd2 Rh3 66.h6 g3 67.Nd4 g2 68.Ne2+ Kg5 69.a5 Rh4 70.Ke3 Kg6
71.Kf3 Ra4 72.Kxg2 Rxa5 73.Nf4+ Kh7 74.Ne6 Rh5 75.Nf8+ Kg8 76.Kf3 Rf5+ 77.Ke4  1/2-1/2

[Event "16th Voronezh Master Open"]
[Site "Voronezh RUS"]
[Date "2012.06.20"]
[Round "8.29"]
[White "Lutsko,I"]
[Black "Shurakov,D"]
[Result "0-1"]
[WhiteElo "2335"]
[BlackElo "2257"]

1.c4 Nf6 2.d4 g6 3.Nc3 d5 4.cxd5 Nxd5 5.e4 Nxc3 6.bxc3 Bg7 7.Bc4 c5 8.Ne2 cxd4
9.cxd4 Nc6 10.Be3 b5 11.Bd5 Bd7 12.Rc1 Rc8 13.Bxc6 Rxc6 14.Rxc6 Bxc6 15.d5 Bd7
16.O-O O-O 17.Qd2 f5 18.Bd4 fxe4 19.Nc3 Bxd4 20.Qxd4 Qb6 21.Qxe4 Bf5 22.Qh4 Qc5
23.Nd1 Qxd5 24.Qxe7 Qxa2 25.Ne3 Qf7 26.Qe5 a6 27.Rc1 Qf6 28.Qd5+ Be6 29.Qd2 Rc8
30.Rd1 Qc3 31.Qd6 Qc6 32.Qe5 Bb3 33.Ra1 Qc3 34.Qxc3 Rxc3 35.Kf1 Rc6 36.Ke2 Be6
37.Rd1 Kf7 38.Rd8 Rb6 39.Kd2 Rc6 40.Rb8 Bc8 41.Nc2 Ke7 42.Ra8 Kd8 43.Ra7 Rc7
44.Ra8 Rxc2+ 45.Kxc2 Kc7 46.Kb3 Kb7 47.Rxc8 Kxc8 48.Kb4 Kb7 49.Kc5 Kc7 50.f3  0-1

[Event "65th ch-RUS HL"]
[Site "Tyumen RUS"]
[Date "2012.06.25"]
[Round "9"]
[White "Nazaretyan,Tigran"]
[Black "Rychkov,O"]
[Result "0-1"]
[WhiteElo "2131"]
[BlackElo "2271"]

1.d4 Nf6 2.c4 g6 3.Nc3 d5 4.cxd5 Nxd5 5.e4 Nxc3 6.bxc3 Bg7 7.Bc4 c5 8.Ne2 Nc6
9.Be3 O-O 10.O-O b6 11.dxc5 Qc7 12.cxb6 axb6 13.Rb1 Rb8 14.Bf4 Ne5 15.Qb3 Bb7
16.Bd3 Rfd8 17.Rfd1 Rxd3 18.Rxd3 Bxe4 19.Rdd1 Bxb1 20.Rxb1 e6 21.h3 Qc6 22.Qb5 Qd6
23.a4 Ra8 24.Qxb6 Qd3 25.Bxe5 Bxe5 26.Qb5 Qe4 27.Rb4 Rd8 28.Qe8+ Rxe8 29.Rxe4 Bd6
30.Nd4 Bc5 31.Nb5 Rd8 32.Nd4 Rb8 33.g4 Rb2 34.Kg2 Ra2 35.Ne2 Kf8 36.Kf3 Ke7
37.Rc4 Kd6 38.g5 Rd2 39.Rh4 Rd3+ 40.Ke4 Rd2 41.Kf3 Rd3+ 42.Kg2 Rd2 43.Kf3 Rd5
44.Ng3 Ke7 45.Rc4 Rxg5 46.a5 Kd7 47.a6 Ba7 48.Rb4 Rc5 49.Ne4 Rc7 50.c4 f5
51.Ng5 h6 52.Nf7 Ke7 53.Ne5 Kf6 54.Rb5 Bd4 55.Rb7 Rxb7  0-1

[Event "65th ch-RUS HL"]
[Site "Tyumen RUS"]
[Date "2012.06.26"]
[Round "10"]
[White "Yuffa,D"]
[Black "Artemiev,V"]
[Result "0-1"]
[WhiteElo "2345"]
[BlackElo "2459"]

1.d4 Nf6 2.c4 g6 3.Nc3 d5 4.cxd5 Nxd5 5.e4 Nxc3 6.bxc3 Bg7 7.Nf3 c5 8.Be3 Qa5
9.Nd2 cxd4 10.Nc4 Qd8 11.cxd4 O-O 12.Rc1 b6 13.Be2 Bb7 14.d5 Nd7 15.O-O Rc8
16.Qa4 Ra8 17.Rfd1 f5 18.exf5 gxf5 19.Qb3 Ba6 20.d6 e6 21.Bf3 Rb8 22.Na3 Ne5
23.Qxe6+ Kh8 24.Bd5 Qh4 25.d7 Rbd8 26.g3 Qh3 27.Bg2 Qh5 28.Nc2 Bb5 29.Nb4 Bxd7
30.Qb3 Be6 31.Qc2 Ng4 32.h3 Nxe3 33.fxe3 Qg5 34.Rxd8 Rxd8 35.Qc7 Qxe3+ 36.Kh2 Rg8
37.Qf4 Qxf4 38.gxf4 Bh6 39.Kh1 Bxf4 40.Re1 Bc4 41.a3 a5 42.Nc2 Rd8 43.Rb1 Rd2
44.Ne1 Ba2 45.Ra1 Be5 46.Rc1 Bb2 47.Rc8+ Kg7 48.Nf3 Rd1+ 49.Kh2 Bxa3  0-1

[Event "20th Montcada Open"]
[Site "Montcada i Reixac ESP"]
[Date "2012.06.27"]
[Round "3.12"]
[White "Del Rio de Angelis,S"]
[Black "Martinez Ramirez,E"]
[Result "1/2-1/2"]
[WhiteElo "2542"]
[BlackElo "2296"]

1.d4 Nf6 2.c4 g6 3.Nc3 d5 4.cxd5 Nxd5 5.e4 Nxc3 6.bxc3 Bg7 7.Bb5+ c6 8.Ba4 O-O
9.Ne2 c5 10.O-O Nc6 11.d5 Na5 12.Bg5 h6 13.Bh4 b6 14.f4 Ba6 15.Rf3 Nc4 16.Bc6 Rc8
17.a4 Na5 18.Bb5 Bxb5 19.axb5 Qd7 20.f5 Nc4 21.Rh3 gxf5 22.Ng3 fxe4 23.Nh5 Be5
24.Qe2 Nd6 25.Qe3 Qg4 26.Qxh6 Nf5 27.Qg5+ Qxg5 28.Bxg5 Rfd8 29.Rf1 Rxd5 30.Rxf5 Bd4+
31.cxd4 Rxf5 32.Bxe7 cxd4 33.Nf6+  1/2-1/2

[Event "20th Montcada Open"]
[Site "Montcada i Reixac ESP"]
[Date "2012.06.27"]
[Round "3.10"]
[White "Peralta,Fe"]
[Black "Barbero Senidic,A"]
[Result "1-0"]
[WhiteElo "2590"]
[BlackElo "2350"]

1.d4 Nf6 2.c4 g6 3.Nc3 d5 4.cxd5 Nxd5 5.e4 Nxc3 6.bxc3 Bg7 7.Nf3 c5 8.Rb1 O-O
9.Be2 b6 10.O-O Bb7 11.d5 Bxc3 12.h4 Bg7 13.h5 Ba6 14.hxg6 hxg6 15.Bxa6 Nxa6
16.Ng5 Qd7 17.Rb3 c4 18.Rh3 Nc5 19.f4 f5 20.e5 Nd3 21.Qf3  1-0

[Event "3rd Mediterranean Open"]
[Site "Terrasini ITA"]
[Date "2012.06.27"]
[Round "5"]
[White "Lo Piccolo,Antonino"]
[Black "Ravagnani,T"]
[Result "1-0"]
[WhiteElo "1862"]
[BlackElo "2023"]

1.d4 Nf6 2.c4 g6 3.Nc3 d5 4.cxd5 Nxd5 5.e4 Nxc3 6.bxc3 Bg7 7.Bc4 c5 8.Ne2 Nc6
9.Be3 O-O 10.O-O Qc7 11.Qc1 e5 12.dxc5 Nd8 13.Rb1 Ne6 14.Bd5 Nxc5 15.Qa3 Ne6
16.Rfd1 Nf4 17.Nxf4 exf4 18.Bd4 f3 19.Bxg7 Kxg7 20.gxf3 Qf4 21.c4 Qg5+ 22.Kh1 Rb8
23.Qc3+ Kh6 24.Rg1 Qf4 25.Rg3 g5 26.Kg2 Rg8 27.Qe3 Rg6 28.Qc3 f6 29.c5 Kg7
30.c6 b5 31.c7 Rb6 32.Qc5 Qe5 33.Rxb5 Rxb5 34.Qxb5 Qxc7 35.Qe8 Kh6 36.Bf7 Rg7
37.Be6 Bxe6 38.Qxe6 Qd7 39.Qxf6+  1-0

[Event "TCh-CHN 2012"]
[Site "Taizhou CHN"]
[Date "2012.06.28"]
[Round "6"]
[White "Yu Lie"]
[Black "Lou Yiping"]
[Result "0-1"]
[WhiteElo "2417"]
[BlackElo "2419"]

1.d4 Nf6 2.c4 g6 3.Nc3 d5 4.cxd5 Nxd5 5.e4 Nxc3 6.bxc3 Bg7 7.Bb5+ c6 8.Ba4 O-O
9.Ne2 e5 10.O-O Qe7 11.Qc2 Nd7 12.Bb3 Re8 13.f3 b6 14.Be3 Ba6 15.Rfe1 exd4
16.cxd4 c5 17.Bd5 Rac8 18.Qa4 Bxe2 19.Rxe2 cxd4 20.Bxd4 b5 21.Qd1 Nb6 22.Bxg7 Kxg7
23.Qd4+ Qe5 24.Rd1 Na4 25.Qxe5+ Rxe5 26.Bb3 Nc3 27.Rc2 Rc7 28.Rxc3 Rxc3 29.Rd7 a5
30.Rxf7+ Kh6 31.Ra7 a4 32.Bg8 Kg5 33.Rxh7 Kf4 34.Rg7 Rc1+ 35.Kf2 Rc2+ 36.Kg1 Rg5
37.Rf7+ Ke3 38.g4 Rgc5 39.Rd7 Kxf3 40.Rf7+ Kxg4 41.Rf6 Kg5 42.Rf3 Rd2 43.Rf1 Rcc2
44.Rb1 Rb2 45.Rc1 Rg2+  0-1

[Event "ch-UAE 2012"]
[Site "Abu Dhabi UAE"]
[Date "2012.06.29"]
[Round "2.4"]
[White "Abdulkarim,A"]
[Black "Faisal,Ab"]
[Result "0-1"]
[WhiteElo "1964"]
[BlackElo "2240"]

1.d4 Nf6 2.c4 g6 3.Nc3 d5 4.cxd5 Nxd5 5.e4 Nxc3 6.bxc3 Bg7 7.Bc4 O-O 8.Ne2 c5
9.O-O Nc6 10.Be3 Qc7 11.Rc1 Rd8 12.Qc2 Bd7 13.Nf4 Rac8 14.Bb5 Nxd4 15.cxd4 Bxb5
16.Rfd1 c4 17.Qb2 Ba4 18.Nd5 Rxd5 19.exd5 Bxd1 20.Rxd1 c3 21.Qb3 b6 22.Kf1 Qxh2
23.Rc1 Qh1+ 24.Ke2 Qxg2 25.d6 exd6 26.Rxc3 Rxc3 27.Qxc3 Qb7 28.Qa3 Qe7 29.Kd3 h5
30.Bf4 Bf8 31.Qb3 h4 32.Qd5 Qe6 33.Qa8 Qf5+ 34.Ke3 g5 35.Bxd6 Qe6+  0-1

[Event "20th Montcada Open"]
[Site "Montcada i Reixac ESP"]
[Date "2012.06.29"]
[Round "5.18"]
[White "Panelo,M"]
[Black "Barbero Senidic,A"]
[Result "1/2-1/2"]
[WhiteElo "2451"]
[BlackElo "2350"]

1.d4 Nf6 2.c4 g6 3.Nc3 d5 4.cxd5 Nxd5 5.e4 Nxc3 6.bxc3 Bg7 7.Be3 c5 8.Rc1 Qa5
9.Qd2 O-O 10.Nf3 Rd8 11.d5 Bg4 12.Be2 Nd7 13.O-O b5 14.h3 Bxf3 15.Bxf3 Qc7
16.c4 b4 17.Be2 a5 18.f4 a4 19.e5 Ra6 20.Rb1 g5 21.Rbd1 Nf8 22.Bh5 Ng6 23.d6 exd6
24.f5 Nxe5 25.f6 Bh8 26.Bxg5 b3 27.axb3 axb3 28.Qc3 Rb8 29.Rb1 Rab6 30.Qg3 Ng6
31.Bf3 b2 32.h4 Rb4 33.Bd5 Rb3 34.Rf3 Rxf3 35.Qxf3 Qd7 36.Qe3 Qa4 37.h5 Qa2
38.Be4 Ne5  1/2-1/2

[Event "ch-Pan Americano U20 2012"]
[Site "Sao Paulo BRA"]
[Date "2012.06.29"]
[Round "1.1"]
[White "Caetano,Hugo Zanotti Mendonca"]
[Black "Barbosa,Ev"]
[Result "1/2-1/2"]
[WhiteElo "2070"]
[BlackElo "2435"]

1.d4 Nf6 2.c4 g6 3.Nc3 d5 4.cxd5 Nxd5 5.e4 Nxc3 6.bxc3 Bg7 7.Be3 O-O 8.Qd2 b6
9.Bh6 Bb7 10.Bxg7 Kxg7 11.f3 e6 12.Bc4 c5 13.Ne2 Nc6 14.O-O Rc8 15.Bb3 cxd4
16.cxd4 Ba6 17.d5 Bxe2 18.Qxe2 Nd4 19.Qb2 e5 20.Rac1 Qd6 21.Kh1 b5 22.f4 f6
23.Qf2 Rxc1 24.Rxc1 a5 25.Qd2 Ra8 26.Bd1 b4 27.Ba4 Ra7 28.fxe5 fxe5 29.h3 Rf7
30.Qg5 h6 31.Qe3 Qf8 32.Kh2 Qd8 33.Qg3 Rf4 34.Qd3 Qb6 35.Qc4 Rf7 36.Qc5 Qf6
37.Be8 Qf4+ 38.Kh1 Ne2 39.Rc2 Ng3+ 40.Kg1 Nxe4 41.Qb6 Rf6 42.Qa7+ Kg8 43.Bxg6 Qf1+
44.Kh2 Qf4+ 45.Kg1 Qf1+ 46.Kh2 Qf4+ 47.Kg1  1/2-1/2

[Event "XXI Adolf Anderssen Mem Prelim"]
[Site "Wroclaw POL"]
[Date "2012.06.30"]
[Round "9"]
[White "Sieciechowicz,M"]
[Black "Malisauskas,V"]
[Result "0-1"]
[WhiteElo "2446"]
[BlackElo "2457"]

1.d4 Nf6 2.c4 g6 3.Nc3 d5 4.cxd5 Nxd5 5.e4 Nxc3 6.bxc3 Bg7 7.Bd3 O-O 8.Ne2 c5
9.O-O Nc6 10.Be3 e5 11.d5 Na5 12.Rb1 b6 13.Bc2 Bd7 14.Qd2 c4 15.Rb2 Qc8 16.Rbb1 Nb7
17.f4 exf4 18.Bxf4 Qc5+ 19.Be3 Qc7 20.Bd4 Rae8 21.Bxg7 Kxg7 22.Qd4+ Qe5 23.Qxc4 Nd6
24.Qd4 Qxd4+ 25.Nxd4 Nxe4 26.Bxe4 Rxe4 27.Rfe1 Rfe8 28.Kf2 Rxe1 29.Rxe1 Rxe1
30.Kxe1 Kf6 31.Nf3 Bf5 32.c4 Bd3 33.Nd2 Ke5 34.Kf2 b5 35.cxb5 Bxb5 36.Nf3+ Kxd5
37.Ng5 f6 38.Nxh7 Ke6 39.Ke3 Kf7 40.Kf4 Kg7 41.Ng5 fxg5+ 42.Kxg5 Bd3 43.h4 a5
44.g4 a4 45.h5 a3 46.Kf4 Bc4 47.Ke3 g5  0-1

[Event "ch-UAE 2012"]
[Site "Abu Dhabi UAE"]
[Date "2012.07.01"]
[Round "5.6"]
[White "Al Zarooni,A"]
[Black "Zayed,A"]
[Result "0-1"]
[WhiteElo "1754"]
[BlackElo "1982"]

1.d4 Nf6 2.c4 g6 3.Nc3 d5 4.cxd5 Nxd5 5.e4 Nxc3 6.bxc3 Bg7 7.Nf3 O-O 8.Be2 c5
9.Bb2 Nc6 10.O-O Bg4 11.e5 Qc7 12.Qa4 a6 13.Rfd1 Rfd8 14.h3 Bf5 15.Nh4 Be6
16.f4 Qb6 17.Rab1 Bh6 18.Ba3 Qc7 19.Bxc5 b5 20.Qc2 Bxf4 21.Bf3 Rd7 22.Qe4 g5
23.Qxc6 Rc8 24.Qxa6 gxh4 25.Qxb5 Bxe5 26.Bb6 Bh2+ 27.Kh1 Qg3 28.a4 Bxh3 29.gxh3 Qxf3+
30.Kxh2 Qf2+ 31.Kh1 Qf3+ 32.Kh2 Rxc3 33.Qg5+ Kh8 34.Qg2 Qf4+ 35.Kh1 Rg3  0-1

[Event "ch-UAE 2012"]
[Site "Abu Dhabi UAE"]
[Date "2012.07.01"]
[Round "5.1"]
[White "Faisal,Ab"]
[Black "Salem,AR"]
[Result "0-1"]
[WhiteElo "2240"]
[BlackElo "2528"]

1.d4 Nf6 2.c4 g6 3.Nc3 d5 4.cxd5 Nxd5 5.e4 Nxc3 6.bxc3 Bg7 7.Nf3 c5 8.Bb5+ Nd7
9.O-O O-O 10.a4 a6 11.Be2 b6 12.Ra2 Bb7 13.Qd3 Nf6 14.e5 Ne4 15.Be3 Rc8 16.Rb2 cxd4
17.Bxd4 Nxc3 18.Bxc3 Qxd3 19.Bxd3 Rxc3 20.Be2 Bxf3 21.Bxf3 Rb8 22.Re1 Bxe5  0-1

[Event "40th TCh-GRE 2012"]
[Site "Achaea GRE"]
[Date "2012.07.01"]
[Round "2.10"]
[White "Kolomvakis,S"]
[Black "Zervas,I"]
[Result "1-0"]
[WhiteElo "1806"]
[BlackElo "1835"]

1.d4 Nf6 2.c4 g6 3.Nc3 d5 4.cxd5 Nxd5 5.e4 Nxc3 6.bxc3 Bg7 7.Bc4 c5 8.Be3 Nc6
9.Ne2 cxd4 10.cxd4 O-O 11.O-O Na5 12.Bd3 b6 13.Qd2 Re8 14.Rac1 Bb7 15.Bb5 Rf8
16.f3 a6 17.Bd3 Nc6 18.d5 Ne5 19.Nd4 Qd7 20.Be2 Qd6 21.f4 Nd7 22.e5 Nxe5
23.fxe5 Bxe5 24.Nc6 Bxh2+ 25.Kh1 e6 26.Bh6 Rfc8 27.Qd4 e5 28.Qf2 Bf4 29.Bxf4 exf4
30.Qxf4 Qxf4 31.Rxf4 Rc7 32.Bf3 Rd7 33.Ne5 Re7 34.d6 Rxe5 35.Bxb7 Rd8 36.Rd4 Rc5
37.Rxc5 bxc5 38.Rd5 c4 39.Bxa6 c3 40.Bd3 Kg7 41.d7 Kf6 42.Bb5  1-0

[Event "XXI Adolf Anderssen Mem KO"]
[Site "Wroclaw POL"]
[Date "2012.07.01"]
[Round "3.2"]
[White "Ulms,S"]
[Black "Toma,K"]
[Result "1/2-1/2"]
[WhiteElo "2139"]
[BlackElo "2303"]

1.d4 Nf6 2.c4 g6 3.Nc3 d5 4.cxd5 Nxd5 5.e4 Nxc3 6.bxc3 Bg7 7.Bc4 c5 8.Ne2 O-O
9.Be3 Nc6 10.Rc1 Qc7 11.O-O Rd8 12.Bf4 e5 13.Bg5 Rd6 14.d5 Na5 15.Bd3 c4
16.Bc2 b6 17.Qd2 Nb7 18.h3 f6 19.Bh6 Rd8 20.Bxg7 Qxg7 21.f4 Nd6 22.Rf2 Bd7
23.fxe5 fxe5 24.Qg5 Rf8 25.Rcf1 Rxf2 26.Rxf2 Re8 27.Ng3 Qe7 28.Qh6 Qg7 29.Qe3 Qe7
30.Nf1 Rf8 31.Rxf8+ Kxf8 32.Qg3 Qf6 33.Nd2 Ke7 34.Nf3 Nf7 35.Qe1 Bxh3 36.Qe2 Bg4
37.Qxc4 Bxf3 38.Qc7+ Kf8 39.gxf3 Qxf3 40.Bb3 Qg3+ 41.Kf1 Qf3+ 42.Ke1 Qxe4+
43.Kd2 Qf4+ 44.Kc2 Qf2+ 45.Kb1 Qf5+ 46.Kb2 Qf2+ 47.Bc2 Qc5 48.Qb8+ Kg7 49.Qxa7 h5
50.Qd7 Qd6 51.Qb7 h4 52.Ba4 Kf6 53.Be8 Nd8 54.Qh7 Kg5 55.a3 e4 56.Bxg6 Qxg6
57.Qe7+ Qf6 58.Qxe4 Nf7 59.Qg2+ Kh5 60.Qe2+ Kg5 61.Qg2+ Kh5 62.Qe2+ Kg5 63.Qg2+ Kh5
64.Qe2+ Kg5  1/2-1/2

[Event "Perla Baltyku Open 2012"]
[Site "Lazy POL"]
[Date "2012.07.02"]
[Round "3.1"]
[White "Urban,K"]
[Black "Tomczak,J"]
[Result "0-1"]
[WhiteElo "2463"]
[BlackElo "2549"]

1.d4 Nf6 2.c4 g6 3.Nc3 d5 4.cxd5 Nxd5 5.e4 Nxc3 6.bxc3 Bg7 7.Nf3 c5 8.Bb5+ Bd7
9.Bxd7+ Qxd7 10.O-O O-O 11.Be3 Qc7 12.Rb1 Nc6 13.d5 Na5 14.Qe2 b6 15.c4 e5
16.Bd2 Nb7 17.Rb3 Nd6 18.a4 Qd7 19.Ra3 Qg4 20.Re3 f5 21.h3 Qh5 22.exf5 e4
23.Nh2 Qxf5 24.Ra3 h5 25.Be3 Qe5 26.Rb1 Nf5 27.Nf1 Nd4 28.Qd1 Rf7 29.a5 b5
30.cxb5 Qxd5 31.Ra4 Rd8 32.Kh1 Rb7 33.Ng3 Be5 34.Ne2 Nxe2 35.Qxe2 Qd3 36.Qxd3 exd3
37.f4 Bc3 38.Rc4 d2 39.Rxc3 d1=Q+ 40.Rxd1 Rxd1+ 41.Kh2 Rxb5 42.Rxc5 Rxc5
43.Bxc5 a6 44.Kg3 Ra1 45.Bb6 Ra2 46.Kf3 Kf7 47.Kg3 Ke6 48.Kf3 Ra3+ 49.Kf2 Kf5
50.g3 Ke4 51.Bc7 Ra2+ 52.Kg1 Kf3 53.h4 Rc2  0-1

[Event "7th Vladimir Dvorkovich Cup"]
[Site "Moscow RUS"]
[Date "2012.07.02"]
[Round "4.1"]
[White "Harutyunian,T"]
[Black "Izzat,Kanan"]
[Result "1-0"]
[WhiteElo "2252"]
[BlackElo "2341"]

1.d4 Nf6 2.c4 g6 3.Nc3 d5 4.cxd5 Nxd5 5.e4 Nxc3 6.bxc3 Bg7 7.Bc4 c5 8.Ne2 O-O
9.O-O Nc6 10.Be3 Qc7 11.Bf4 e5 12.Bg3 Rd8 13.d5 Na5 14.Bd3 c4 15.Bc2 Qc5
16.Kh1 b5 17.Qd2 Re8 18.Rab1 Nb7 19.f4 Bg4 20.Ng1 Bh6 21.Qe1 exf4 22.Bxf4 Bg7
23.Qg3 Bd7 24.Rbd1 Qc8 25.Bg5 Nc5 26.Qf4 f5 27.exf5 Bxf5 28.Bxf5 Qxf5 29.Qxf5 gxf5
30.d6 Nd7 31.Rxf5 Re5 32.Rxe5 Bxe5 33.Ne2 a5 34.a3 Ra6 35.Bf4 Bxf4 36.Nxf4 Kf7
37.g3 Kf6 38.Kg2 b4 39.axb4 axb4 40.cxb4 Ke5 41.Re1+ Kd4 42.Ne6+ Kc3 43.Nc5 Ra2+
44.Kh3 Nb8 45.d7 Nxd7 46.Nxd7 Kxb4 47.Nf6 Ra6 48.Nd5+ Kc5 49.Nf4 c3 50.Rc1 Kc4
51.Ne2 Kd3 52.Nxc3 Kd2 53.Na2 Rxa2 54.Rc7 Ke3 55.Rxh7 Kf2 56.Rb7 Ra8 57.Rb4 Rh8+
58.Rh4 Rg8 59.Rf4+ Kg1 60.g4  1-0

[Event "20th Montcada Open"]
[Site "Montcada i Reixac ESP"]
[Date "2012.07.03"]
[Round "9.6"]
[White "Del Rio de Angelis,S"]
[Black "Palit,S"]
[Result "0-1"]
[WhiteElo "2542"]
[BlackElo "2393"]

1.d4 Nf6 2.c4 g6 3.Nc3 d5 4.cxd5 Nxd5 5.e4 Nxc3 6.bxc3 Bg7 7.Bb5+ c6 8.Ba4 O-O
9.Ne2 b5 10.Bb3 a5 11.O-O Nd7 12.Bg5 h6 13.Be3 Nb6 14.Qc1 Kh7 15.h4 a4 16.Bc2 Nc4
17.h5 e5 18.hxg6+ fxg6 19.dxe5 Nxe5 20.Bc5 Rf7 21.f4 Ng4 22.f5 Be5 23.Rf3 b4
24.Qe1 bxc3 25.Rd1 Qa5 26.Bd4 Ba6 27.fxg6+ Kxg6 28.Qh4 h5 29.Rxf7 Bh2+ 30.Kh1 Kxf7
31.Bxc3 Qc5 32.Rf1+ Ke6 33.Nd4+ Kd7 34.Rf7+ Kc8 35.Ne6 Qg1+  0-1

[Event "40th TCh-GRE 2012"]
[Site "Achaea GRE"]
[Date "2012.07.04"]
[Round "6.5"]
[White "Pavlidis,Ana"]
[Black "Kakousatze,I"]
[Result "1-0"]
[WhiteElo "2360"]
[BlackElo "2049"]

1.d4 Nf6 2.c4 g6 3.Nc3 d5 4.cxd5 Nxd5 5.e4 Nxc3 6.bxc3 Bg7 7.Nf3 c5 8.Rb1 O-O
9.Be2 Nc6 10.d5 Ne5 11.Nxe5 Bxe5 12.Qd2 e6 13.f4 Bc7 14.O-O exd5 15.exd5 Ba5
16.f5 Bxf5 17.Rxb7 Qd6 18.Bc4 Qe5 19.Rf3 Rfb8 20.Rxb8+ Rxb8 21.d6 Be6 22.Re3 Qf5
23.Rf3 Qe5 24.Bxe6 fxe6 25.Qf4 Qxf4 26.Bxf4 c4 27.Kf2 Bb6+ 28.Kg3 Bc5 29.Rf1 Rd8
30.Rd1 Rd7 31.Be5 Kf8 32.Rf1+ Kg8 33.Rd1 Bb6 34.Kf4 Kf7 35.Ke4 Ke8 36.Bf6 Rf7
37.Ke5 Kd7 38.Rb1 Rf8 39.a4 Rc8 40.Be7 Rc5+ 41.Kf6 Rd5 42.Rb4 Rd3 43.a5 Bxa5
44.Rb7+ Kc6 45.Rxa7 Bb6 46.Ra6 Kb5 47.Ra8 Kc6 48.Kxe6 Re3+ 49.Kf7 Rxc3 50.Ke8 Kd5
51.Rb8 Rb3 52.d7 Bc7 53.Rc8 Bb6 54.d8=Q+ Bxd8 55.Rxd8+ Ke6 56.Rd6+ Kf5 57.g3 c3
58.Rc6 Kg4 59.Rc4+ Kh3 60.g4 c2 61.g5 Rb2 62.Bf6 Ra2 63.Kf8  1-0

[Event "2nd Polugaevsky Mem"]
[Site "Samara RUS"]
[Date "2012.07.05"]
[Round "1.15"]
[White "Sorochan,D"]
[Black "Tukhaev,A"]
[Result "0-1"]
[WhiteElo "2068"]
[BlackElo "2546"]

1.d4 Nf6 2.c4 g6 3.Nc3 d5 4.cxd5 Nxd5 5.e4 Nxc3 6.bxc3 Bg7 7.Bc4 c5 8.Ne2 Nc6
9.Be3 O-O 10.O-O Bd7 11.Rb1 Qc7 12.Bf4 Qc8 13.Qd2 cxd4 14.cxd4 Nxd4 15.Nxd4 Qxc4
16.Rxb7 Rfd8 17.Rb4 Qa6 18.e5 Rac8 19.Qe3 Qxa2 20.Rb7 a5 21.Nb3 a4 22.Nc5 Bc6
23.Rxe7 Qd5 24.f3 Bf8 25.Bg5 Qd4 26.Qxd4 Rxd4 27.Ra1 Rd5 28.Ne4 Bxe7 29.Bxe7 Rxe5
30.Bf6 Re6 31.Rc1 Ra8  0-1

[Event "1st ITT LXSBC 2012"]
[Site "Sao Bernardo do Campo BRA"]
[Date "2012.07.05"]
[Round "6.1"]
[White "Barreto Filho,C"]
[Black "Abdalla,L"]
[Result "1/2-1/2"]
[WhiteElo "2325"]
[BlackElo "2333"]

1.d4 Nf6 2.c4 g6 3.Nc3 d5 4.cxd5 Nxd5 5.e4 Nxc3 6.bxc3 Bg7 7.Be3 c5 8.Qd2 Qa5
9.Rc1 cxd4 10.cxd4 Qxd2+ 11.Bxd2 O-O 12.Nf3 Bg4 13.Rc7 Bxf3 14.gxf3 Bxd4
15.Rxb7  1/2-1/2

[Event "35th Barbera Open A"]
[Site "Barbera del Valles ESP"]
[Date "2012.07.06"]
[Round "3.8"]
[White "Peralta,Fe"]
[Black "Barbero Senidic,A"]
[Result "1-0"]
[WhiteElo "2602"]
[BlackElo "2370"]

1.d4 Nf6 2.c4 g6 3.Nc3 d5 4.cxd5 Nxd5 5.e4 Nxc3 6.bxc3 Bg7 7.Nf3 c5 8.Rb1 O-O
9.Be2 Nc6 10.d5 Ne5 11.Nxe5 Bxe5 12.Qd2 e6 13.f4 Bc7 14.O-O exd5 15.exd5 Ba5
16.d6 Rb8 17.Rb5 a6 18.Rxa5 Qxa5 19.f5 c4 20.f6 Kh8 21.d7 Bxd7 22.Qxd7 Qxa2
23.Bf3 Kg8 24.Qh3 Kh8 25.Bd5 h5 26.Qe3  1-0

[Event "35th Barbera Open A"]
[Site "Barbera del Valles ESP"]
[Date "2012.07.06"]
[Round "3.11"]
[White "Arizmendi Martinez,J"]
[Black "Massoni,M"]
[Result "1-0"]
[WhiteElo "2559"]
[BlackElo "2365"]

1.d4 Nf6 2.c4 g6 3.Nc3 d5 4.cxd5 Nxd5 5.e4 Nxc3 6.bxc3 Bg7 7.Qa4+ Bd7 8.Qa3 b6
9.Nf3 O-O 10.Bg5 c5 11.Rd1 Qc7 12.Be2 e6 13.O-O Re8 14.Rfe1 Qc6 15.Ne5 Qc7
16.Ng4 e5 17.Nf6+ Bxf6 18.Bxf6 exd4 19.Qc1 Qd6 20.e5 Qf8 21.cxd4 Ba4 22.Bc4 h6
23.Rd3 Nd7 24.Rg3 Kh7 25.Bxf7 Nxf6 26.Bxg6+ Kh8 27.exf6 Rxe1+ 28.Qxe1 Qxf6
29.Qd2  1-0